00345nam a2200121Ia 4500008004100000020001500041082001400056100001800070245002600088260007600114300002000190490001300210250529s9999 xx 000 0 und d a9991571329 a623.82SHA aAhmed Shafeeq 0aOdidhoanifaharu banun aMale'bDhivehi Bahaai Thaareekhah Khidhumaiykuraa Qaumee Marukazuc1991 a320 p. ; 21 cm. vMalas 53